000 00447nam a2200157Ia 4500
008 240729s9999 xx 000 0 und d
022 _a2652-4252
245 0 _aJournal of Road Safety
260 _aAustralia
260 _bAustralasian College of Road Safety
650 _a Transportation and communications
650 _aSocial Sciences
856 _uhttps://doaj.org/toc/75acc9929ebc4a508b4469f437d35a43
942 _2ddc
942 _cDOAJEJ
999 _c72944
_d72944
945 _a1
_bMadushi Gamage
_c1
_dMadushi Gamage